000 00511nam a2200157 i 4500
001 83097
003 ES-MaACL
005 20230906174758.0
007 t|
008 041115s1968 sp ||||1| spa d
245 0 0 _aMonografía sobre actividades bancarias y de Cajas de Ahorro
_b: año 1966 /
_cInstituto Nacional de Estadística.
260 _aMadrid :
_b[s.n.],
_c1968.
300 _a43 p. ;
_c26 cm.
710 2 _aInstituto Nacional de Estadística (España)
_95162
852 _aES-MaACL
_j2065-F-24
_bR.66901
999 _c83097
_d83097